Rethinking nationalism : a critical introduction
Αποθηκεύτηκε σε:
| Κύριος συγγραφέας: | |
|---|---|
| Μορφή: | Βιβλίο |
| Γλώσσα: | English |
| Δημοσίευση: |
Houndmills, Basingstoke, Hampshire [England] :
Palgrave Macmillan,
2006
|
| Θέματα: | |
| Ετικέτες: |
Προσθήκη ετικέτας
Δεν υπάρχουν, Καταχωρήστε ετικέτα πρώτοι!
|
MARC
| LEADER | 00000nam a2200000 i 4500 | ||
|---|---|---|---|
| 001 | 1/94976 | ||
| 008 | 081007s2006 eng d | ||
| 020 | |a 978-1-4039-1898-7 (pbk.) | ||
| 020 | |a 1-4039-1898-8 (pbk.) | ||
| 035 | |l 10100662 | ||
| 040 | |a GR-MY-UA |b gre |e aacr | ||
| 041 | 0 | |a eng | |
| 082 | 0 | |a 320.54 |2 (22) | |
| 100 | 1 | |a Hearn, Jonathan. | |
| 245 | 1 | 0 | |a Rethinking nationalism : |b a critical introduction / |c Jonathan Hearn |
| 260 | |a Houndmills, Basingstoke, Hampshire [England] : |b Palgrave Macmillan, |c 2006 | ||
| 300 | |a xv, 272 σ.; |b εικ.; |c 23 εκ. | ||
| 504 | |a Βιβλιογραφία: σ. 251-267 | ||
| 504 | |a Ευρετήριο: σ. [268]-272 | ||
| 650 | 0 | 0 | |a Nationalism. |
| 650 | 0 | 0 | |a Nationalism |x Case studies. |
| 852 | |a INST |b LESVOS |e 20081007 |h 320.54 HEA |p 005100043208 |q 005100043208 |t BK |y 0 | ||
| 901 | |a BIBL1-2008-3 | ||
| 909 | |a Λ |b 152234 | ||
| 922 | |a 1ΕΛΗ |b 200803 |c ΕΠΕΑΕΚ2/ΤΚΑ |d ΕΛΕΥΘΕΡΟΥΔΑΚΗΣ | ||
| 970 | |a ΚΑΡΑ |b ΓΙΑΣΕΜΗ |z 2008/10/07 | ||